Valtioiden muotoja lipuilla #9 - Statistics

Yleistilastot
  • Tätä visaa on pelattu 848 kertaa
  • Keskiarvotulos 12 / 16
Vastaustilastot
Kuvavisa Vastaus % Oikein
Kazakstan
97%
Slovakia
94%
Latvia
93%
Pohjois-Korea
88%
Nigeria
87%
Liettua
85%
Luxemburg
84%
Syyria
79%
Malesia
77%
Madagaskar
68%
Nauru
63%
El Salvador
60%
Togo
56%
Suriname
49%
Antigua ja Barbuda
47%
Kap Verde
33%
Ehtoja vastaavia visoja ei löytynyt
Tulosjakauma
Jokaisen tuloksen saaneiden osuus
Persentiili vastausten määrän mukaan
Tuloshistoriasi
Et ole pelannut tätä visaa